<?xml version="1.0" encoding="UTF-8"?>
<record
    xmlns:xsi="http://www.w3.org/2001/XMLSchema-instance"
    xsi:schemaLocation="http://www.loc.gov/MARC21/slim http://www.loc.gov/standards/marcxml/schema/MARC21slim.xsd"
    xmlns="http://www.loc.gov/MARC21/slim">

  <leader>01724nam a2200181 i 4500</leader>
  <controlfield tag="001">170434</controlfield>
  <controlfield tag="003">ES-MaACL</controlfield>
  <controlfield tag="005">20250806045157.0</controlfield>
  <controlfield tag="008">090305s19091912sp           |||| | spa d</controlfield>
  <datafield tag="110" ind1="2" ind2=" ">
    <subfield code="a">Real Academia de Medicina de Madrid</subfield>
    <subfield code="9">6318</subfield>
  </datafield>
  <datafield tag="245" ind1="1" ind2="0">
    <subfield code="a">Discursos pronunciados en la Real Academia de Medicina de Madrid</subfield>
    <subfield code="b">: 1909-1912.</subfield>
  </datafield>
  <datafield tag="260" ind1=" " ind2=" ">
    <subfield code="a">Madrid : </subfield>
    <subfield code="b">[s.n.], </subfield>
    <subfield code="c">1909 (</subfield>
    <subfield code="e">Madrid : </subfield>
    <subfield code="f">Imp. Hijos de J. A. Garc&#xED;a)</subfield>
  </datafield>
  <datafield tag="300" ind1=" " ind2=" ">
    <subfield code="a">1 v. ; </subfield>
    <subfield code="c">27 cm.</subfield>
  </datafield>
  <datafield tag="505" ind1="8" ind2=" ">
    <subfield code="a">Contiene: Algunas consideraciones dentro del c&#xED;rculo de la Terap&#xE9;utica y la Farmacolog&#xED;a / Jos&#xE9; Grinda y Forner (50 p.). Discurso.../ Juli&#xE1;n Calleja y S&#xE1;nchez (p. 51-66). El m&#xE9;dico en sociedad / Sim&#xF3;n Hergueta y Mart&#xED;n (36 p.). Resumen de la historia y tareas desempe&#xF1;adas por la Academia en el a&#xF1;o de 1909 / Manuel Iglesias y D&#xED;az (38 p.). La lucha contra la vejez / Amalio Gimeno Caba&#xF1;as (160 p.). Discuros.../ &#xC1;ngel Pulido Fern&#xE1;ndez (p. 161-191). Naturaleza de las miopat&#xED;as primitivas progresivas / Francisco Criado y Aguilar (89 p.). Procedimientos para depurar y esterilizar las aguas destinadas a la alimentaci&#xF3;n de las grandes urbes / Eugenio Pi&#xF1;er&#xFA;a &#xC1;lvarez (41 p.). Discurso.../ Juli&#xE1;n Calleja y S&#xE1;nchez (p. 43-60). Morfolog&#xED;a socialista / Federico Ol&#xF3;riz y Aguilera (46 p.). La vacuna anticol&#xE9;rica / C&#xE9;sar Chicote y Riego (47 p.). De la influencia del genio latino en el car&#xE1;cter actual de la Medicina, reflejado principalmente en el diagn&#xF3;stico y en la terap&#xE9;utica / Antonio Espina y Capo (120 p.). Resumen de la historia y las tareas desempe&#xF1;adas por la Academia en el a&#xF1;o de 1911 / Manuel Iglesias y D&#xED;az (43 p.).</subfield>
  </datafield>
  <datafield tag="852" ind1=" " ind2=" ">
    <subfield code="a">ES-MaACL</subfield>
    <subfield code="9">177075 </subfield>
    <subfield code="j">K-111</subfield>
  </datafield>
  <datafield tag="942" ind1=" " ind2=" ">
    <subfield code="2">udc</subfield>
  </datafield>
  <datafield tag="999" ind1=" " ind2=" ">
    <subfield code="c">170434</subfield>
    <subfield code="d">170434</subfield>
  </datafield>
  <datafield tag="952" ind1=" " ind2=" ">
    <subfield code="0">0</subfield>
    <subfield code="1">0</subfield>
    <subfield code="4">0</subfield>
    <subfield code="7">0</subfield>
    <subfield code="a">ATENEOM</subfield>
    <subfield code="b">ATENEOM</subfield>
    <subfield code="c">ADM</subfield>
    <subfield code="d">2009-03-05</subfield>
    <subfield code="l">0</subfield>
    <subfield code="o">K-111</subfield>
    <subfield code="p">1178901</subfield>
    <subfield code="r">2023-02-23 00:00:00</subfield>
    <subfield code="w">2023-02-23</subfield>
    <subfield code="y">MONOGRAFIA</subfield>
  </datafield>
</record>
